The Serpent Power: (Record no. 23670)
[ view plain ]
| 000 -LEADER | |
|---|---|
| fixed length control field | 00462nam a22001577a 4500 |
| 003 - CONTROL NUMBER IDENTIFIER | |
| control field | BDDh-ASL |
| 005 - DATE AND TIME OF LATEST TRANSACTION | |
| control field | 20231015030255.0 |
| 008 - FIXED-LENGTH DATA ELEMENTS--GENERAL INFORMATION | |
| fixed length control field | 210401s1964 ii ||||| |||| 00| 0 eng d |
| 040 ## - CATALOGING SOURCE | |
| Original cataloging agency | BDDh-ASL |
| Transcribing agency | BDDh-ASL |
| 082 ## - DEWEY DECIMAL CLASSIFICATION NUMBER | |
| Classification number | 921.8145 |
| Item number | AVS |
| 100 1# - MAIN ENTRY--PERSONAL NAME | |
| 9 (RLIN) | 3583 |
| Personal name | Avalon, Arthur |
| 245 14 - TITLE STATEMENT | |
| Title | The Serpent Power: |
| Remainder of title | being the Sat-Cakra-Nirupana and Paduka-Pancaka / |
| 260 ## - PUBLICATION, DISTRIBUTION, ETC. | |
| Place of publication, distribution, etc. | Madras: |
| Name of publisher, distributor, etc. | Ganesh & Co., |
| Date of publication, distribution, etc. | 1964. |
| 300 ## - PHYSICAL DESCRIPTION | |
| Extent | 529 p., 258 p. : |
| Dimensions | 25 cm. |
| 942 ## - ADDED ENTRY ELEMENTS (KOHA) | |
| Source of classification or shelving scheme | Dewey Decimal Classification |
| Koha item type | Books |
| Withdrawn status | Lost status | Source of classification or shelving scheme | Damaged status | Not for loan | Collection code | Home library | Current library | Shelving location | Date acquired | Source of acquisition | Total Checkouts | Full call number | Barcode | Date last seen | Copy number | Price effective from | Koha item type | Public note |
|---|---|---|---|---|---|---|---|---|---|---|---|---|---|---|---|---|---|---|
| Dewey Decimal Classification | Damaged | Non-fiction | Asiatic Society Library | Asiatic Society Library | General Stacks | 04/01/2021 | ASB Library Collections | 921.8145 AVS | 108169 | 04/01/2021 | C-1 | 04/01/2021 | Books | RARE |